|
|
|
|
| LEADER |
00000nam a22000007a 4500 |
| 005 |
20120611142256.0 |
| 007 |
cr|||| |||| |
| 008 |
120611s2011 po |||||s|||| 00||0 por d |
| 020 |
|
|
|a 978-972-749-247-3
|
| 035 |
|
|
|a 6507
|
| 040 |
|
|
|a vLex
|
| 090 |
|
|
|c 3160
|d 3160
|
| 100 |
1 |
|
|a Martins Leitô, Helder
|
| 245 |
1 |
0 |
|a Da Penhora
|h [Recurso electrn̤ico] :
|b no Processo Civil, no Processo Tributr̀io /
|c Helder Martins Leitô
|
| 256 |
|
|
|a Servicio en ln̕ea
|
| 260 |
|
|
|a Oporto:
|b Ecla editora,
|c 2011
|
| 300 |
|
|
|a 1 recurso electrn̤ico
|
| 506 |
1 |
|
|a Contenido solo disponible en los productos indicados
|d vLex Global
|d vLex Global (Academic Edition, excluding Law Schools)
|d vLex Global (U.S. Academic Edition, Law Schools)
|d vLex Global (U.S. Academic Edition, excluding Law Schools)
|d vLex Global (Academic Edition, Law Schools)
|
| 650 |
0 |
4 |
|a Procedimiento civil
|z Portugal
|
| 650 |
0 |
4 |
|a Procedimiento tributario
|z Portugal
|
| 740 |
0 |
|
|a vLex Libros (Servicio en ln̕ea)
|
| 856 |
4 |
0 |
|u http://vlex.com/source/da-penhora-6507
|z Acceso restringido
|
| 942 |
|
|
|c BOOK
|
| 999 |
0 |
|
|a Civil procedure
|
| 999 |
0 |
|
|a Taxation
|